Vocational Training in Germany Modernisation and Responsiveness

Saved in:
Bibliographic Details
Format: Book
Language:English
Published: Paris OECD 1994
Edition:1. ed.
Subjects:
Tags: Add Tag
No Tags, Be the first to tag this record!

MARC

LEADER 00000nam a2200000 4500
001 c009751
005 20221214075522.5
020 |a 92-64-14301-7 
041 0 |a eng 
044 |a FR 
245 1 0 |a Vocational Training in Germany  |b Modernisation and Responsiveness 
250 |a 1. ed. 
264 1 |a Paris  |b OECD  |c 1994 
300 |a 133 s. 
610 2 0 |a vzdelávanie 
610 2 0 |a organizácie ekonomické medzinárodné 
610 2 0 |a OECD 
610 2 0 |a VOTEC 
610 2 0 |a metalurgia